[Event "Comodoro Rivadavia"]
[Site "Comodoro Rivadavia"]
[Date "2023.09.16"]
[Round "8"]
[White "Romero Barreto, Jaime Jose"]
[Black "Aguilar, Andres"]
[Result "0-1"]
[WhiteElo "2335"]
[BlackElo "2210"]
[PlyCount "122"]
[EventDate "2023.09.12"]
[EventType "tourn"]
[EventRounds "9"]
[EventCountry "ARG"]
[EventCategory "2"]
[SourceTitle "EXT 2024"]
[Source "ChessBase"]
[SourceDate "2023.10.10"]
[SourceVersion "1"]
[SourceVersionDate "2023.10.10"]
[SourceQuality "1"]

1. e4 c5 2. Nf3 d6 3. d3 Nc6 4. g3 g6 5. Bg2 Bg7 6. 0-0 Nf6 7. Re1 0-0 8. c3 e5 9. a3 a5 10. a4 h6 11. Na3 Re8 12. Nd2 Be6 13. Ndc4 d5 14. exd5 Nxd5 15. Nb5 Rb8 16. h4 Re7 17. h5 g5 18. Ne3 Rd7 19. Nxd5 Bxd5 20. Bh3 Ne7 21. Qe2 f5 22. Be3 g4 23. Bxg4 fxg4 24. Qxg4 Kh8 25. Bxc5 Ng8 26. Re3 b6 27. Ba3 Bc6 28. Qg6 Qf6 29. Nd6 Rbd8 30. f4 Qxg6 31. hxg6 Rxd6 32. Bxd6 Rxd6 33. fxe5 Rxg6 34. c4 Rg4 35. d4 Bf8 36. Rf1 Be7 37. Rf4 Bg5 38. Rxg4 Bxe3+ 39. Kf1 Bf3 40. Rh4 Ne7 41. g4 Bg5 42. Rh3 Bxg4 43. Rb3 Nc8 44. Kf2 Bd7 45. Rf3 Kg7 46. b3 Bg4 47. Rc3 Bd2 48. Rg3 h5 49. Rd3 Bf4 50. Rc3 Ne7 51. c5 bxc5 52. Rxc5 h4 53. d5 h3 54. Rc7 Kf8 55. d6 h2 56. dxe7+ Ke8 57. Kg2 Bxe5 58. Rc1 Kxe7 59. b4 axb4 60. a5 Be6 61. Rc5 Kd6 0-1

[Event "Vicente Lopez ProAm 100 Years op"]
[Site "Buenos Aires"]
[Date "2022.10.16"]
[Round "6"]
[White "Zeta, Rodrigo"]
[Black "Aguilar, Andres"]
[Result "0-1"]
[WhiteElo "1848"]
[BlackElo "2225"]
[PlyCount "134"]
[EventDate "2022.10.11"]
[EventType "swiss"]
[EventRounds "9"]
[EventCountry "ARG"]
[SourceTitle "CBM 210 Extra"]
[Source "ChessBase"]
[SourceDate "2022.11.30"]
[SourceVersion "1"]
[SourceVersionDate "2022.11.30"]
[SourceQuality "1"]

1. e4 c5 2. c3 d5 3. exd5 Qxd5 4. d4 Nf6 5. Nf3 e6 6. Bd3 Nc6 7. Na3 cxd4 8. Nb5 Qd8 9. Nbxd4 Nxd4 10. Nxd4 a6 11. 0-0 Bc5 12. Bg5 Qd5 13. Bxf6 gxf6 14. Qf3 Qxf3 15. Nxf3 Bd7 16. Be4 0-0-0 17. Rad1 Bb5 18. Rfe1 f5 19. Bc2 Rxd1 20. Bxd1 Rd8 21. Bb3 Bc6 22. Rd1 Rg8 23. Kf1 Bb5+ 24. c4 Bc6 25. Bc2 a5 26. Ne1 Rg4 27. b3 b6 28. f3 Rd4 29. Rxd4 Bxd4 30. Ke2 Kc7 31. f4 h6 32. g3 Kd6 33. Kd3 Bg1 34. Ke2 Bd4 35. Kd3 Bf2 36. Ke2 Bxe1 37. Kxe1 Kc5 38. Kd2 Kd4 39. Bd1 f6 40. Bc2 Be4 41. Bd1 e5 42. a3 Bd3 43. Bf3 e4 44. Bd1 e3+ 45. Ke1 a4 46. b4 Kxc4 47. Bxa4 Kc3 48. Bd1 Bc4 49. Ba4 Kb2 50. Bd7 Kxa3 51. Bxf5 Kxb4 52. g4 Kc3 53. h4 b5 54. g5 fxg5 55. fxg5 hxg5 56. h5 Kd4 57. h6 Bg8 58. h7 Bxh7 59. Bxh7 Ke5 60. Ke2 Kf4 61. Bg8 b4 62. Be6 Ke4 63. Ke1 Ke5 64. Bf7 g4 65. Ke2 Kd4 66. Be6 g3 67. Bh3 b3 0-1

[Event "Vicente Lopez ProAm 100 Years op"]
[Site "Buenos Aires"]
[Date "2022.10.12"]
[Round "2"]
[White "Acosta, Pablo Ismael"]
[Black "Aguilar, Andres"]
[Result "1-0"]
[WhiteElo "2464"]
[BlackElo "2225"]
[PlyCount "105"]
[EventDate "2022.10.11"]
[EventType "swiss"]
[EventRounds "9"]
[EventCountry "ARG"]
[SourceTitle "CBM 210 Extra"]
[Source "ChessBase"]
[SourceDate "2022.11.30"]
[SourceVersion "1"]
[SourceVersionDate "2022.11.30"]
[SourceQuality "1"]

1. d4 Nf6 2. c4 e6 3. Nf3 b6 4. g3 Ba6 5. Qc2 Bb7 6. Bg2 c5 7. 0-0 Nc6 8. dxc5 bxc5 9. Nc3 Be7 10. Rd1 0-0 11. Bf4 d6 12. Rd2 Qb8 13. Qb3 Rd8 14. Rad1 Nh5 15. Be3 a6 16. Ng5 Nf6 17. Nce4 Ne8 18. Qc2 g6 19. a3 Qc7 20. h4 Nd4 21. Qd3 Nf5 22. Bf4 Qb6 23. Nc3 Bxg2 24. Kxg2 Rab8 25. Nf3 Qc6 26. e4 Nd4 27. Bg5 f6 28. Bh6 Nb3 29. Re2 Rb7 30. Rde1 Kf7 31. h5 Na5 32. hxg6+ hxg6 33. Rh1 Nc7 34. Bd2 Rg8 35. Nd5 Rb3 36. Qc2 exd5 37. exd5 Nxd5 38. cxd5 Qxd5 39. Rh7+ Rg7 40. Rxg7+ Kxg7 41. Rxe7+ Kf8 42. Qe4 Qxe4 43. Rxe4 Nc6 44. Bc3 Kf7 45. Rf4 f5 46. Ng5+ Ke8 47. Rh4 d5 48. Ne6 d4 49. Nxc5 Rb5 50. Ne6 dxc3 51. Nc7+ Kd7 52. Nxb5 cxb2 53. Nc3 1-0

[Event "ARG-ch 96th"]
[Site "Buenos Aires"]
[Date "2022.06.05"]
[Round "4"]
[White "Aguilar, Andres"]
[Black "Axarlian, Carlos"]
[Result "1-0"]
[WhiteElo "2260"]
[BlackElo "2017"]
[PlyCount "87"]
[EventDate "2022.06.02"]
[EventType "swiss"]
[EventRounds "11"]
[EventCountry "ARG"]
[SourceTitle "CBM 208 Extra"]
[Source "ChessBase"]
[SourceDate "2022.07.31"]
[SourceVersion "1"]
[SourceVersionDate "2022.07.31"]
[SourceQuality "1"]

1. d4 Nf6 2. c4 c5 3. d5 e6 4. Nc3 exd5 5. cxd5 d6 6. e4 g6 7. Be2 Bg7 8. Nf3 0-0 9. Be3 Bg4 10. Nd2 Bxe2 11. Qxe2 Re8 12. 0-0 Na6 13. h3 Nc7 14. a4 Nxe4 15. Ndxe4 f5 16. Qc4 fxe4 17. Nxe4 a6 18. Rad1 b5 19. Qc2 Re5 20. Bf4 Rxd5 21. Rxd5 Nxd5 22. Bxd6 c4 23. Rd1 Nf6 24. Nc5 Qe8 25. b3 Rd8 26. Bf4 Rxd1+ 27. Qxd1 Qc8 28. Be3 c3 29. Qd3 bxa4 30. bxa4 Ne8 31. Qc4+ Kh8 32. Bd4 Qc6 33. Qxc3 h5 34. Bxg7+ Nxg7 35. Qe5 Kh7 36. g4 hxg4 37. hxg4 Qf3 38. Qe4 Qd1+ 39. Kg2 Qd6 40. Qc4 a5 41. Nb3 Ne6 42. Nxa5 Nf4+ 43. Kf3 g5 44. Qe4+ 1-0

[Event "Rio Grande Centennial op"]
[Site "Rio Grande"]
[Date "2021.10.03"]
[Round "8"]
[White "Aguilar, Andres"]
[Black "Martinez de Negri, Agustin Gonzalo"]
[Result "1/2-1/2"]
[WhiteElo "2265"]
[BlackElo "2233"]
[PlyCount "92"]
[EventDate "2021.09.29"]
[EventType "swiss"]
[EventRounds "9"]
[EventCountry "ARG"]
[SourceTitle "EXT 2022"]
[Source "ChessBase"]
[SourceDate "2021.10.06"]
[SourceVersion "1"]
[SourceVersionDate "2021.10.06"]
[SourceQuality "1"]

1. d4 Nf6 2. c4 g6 3. Nc3 Bg7 4. e4 d6 5. f3 e5 6. d5 Nfd7 7. Be3 Bh6 8. Bxh6 Qh4+ 9. g3 Qxh6 10. Qd2 Qg7 11. 0-0-0 a6 12. Bd3 0-0 13. h4 Nf6 14. Nge2 h5 15. Rdg1 c6 16. Kb1 Nbd7 17. Nd1 cxd5 18. cxd5 Nc5 19. Bc2 b5 20. Nf2 a5 21. g4 b4 22. gxh5 Nxh5 23. Ng3 Nf4 24. Nf5 Bxf5 25. exf5 a4 26. fxg6 f5 27. h5 Qh6 28. Nh3 b3 29. Bd1 bxa2+ 30. Kxa2 Ra7 31. Nxf4 exf4 32. Qd4 Rb7 33. Re1 Rfb8 34. Rh2 Qg7 35. Qxg7+ Kxg7 36. Ka3 Kh6 37. Rg2 Nd3 38. Re6 Kg7 39. Bxa4 Nxb2 40. Rxb2 Rxb2 41. Re7+ Kf8 42. Rf7+ Kg8 43. h6 Rb1 44. Rg7+ Kf8 45. Rf7+ Kg8 46. Rg7+ Kf8 1/2-1/2

[Event "Chubut Easter op 1st"]
[Site "Chubut"]
[Date "2021.04.01"]
[Round "1"]
[White "Guzman, Francisco"]
[Black "Aguilar, Andres"]
[Result "1/2-1/2"]
[WhiteElo "1652"]
[BlackElo "2283"]
[PlyCount "36"]
[EventDate "2021.04.01"]
[EventType "swiss"]
[EventRounds "6"]
[EventCountry "ARG"]
[SourceTitle "EXT 2022"]
[Source "ChessBase"]
[SourceDate "2021.10.06"]
[SourceVersion "1"]
[SourceVersionDate "2021.10.06"]
[SourceQuality "1"]

1. d4 Nf6 2. c4 e6 3. Nc3 Bb4 4. Nf3 c5 5. Qc2 0-0 6. a3 Bxc3+ 7. bxc3 Qa5 8. Bd2 b6 9. e4 Bb7 10. Bd3 d5 11. cxd5 exd5 12. c4 Qa6 13. cxd5 c4 14. Bxc4 b5 15. Bd3 Rc8 16. Qb3 Re8 17. e5 Bxd5 18. Qxb5 Qe6 1/2-1/2

[Event "ARG-ch sf 95th"]
[Site "Buenos Aires"]
[Date "2020.02.29"]
[Round "8"]
[White "Della Morte, German"]
[Black "Aguilar, Andres"]
[Result "1/2-1/2"]
[WhiteElo "2369"]
[BlackElo "2278"]
[PlyCount "133"]
[EventDate "2020.02.22"]
[EventType "swiss"]
[EventRounds "9"]
[EventCountry "ARG"]
[SourceTitle "CBM 195 Extra"]
[Source "ChessBase"]
[SourceDate "2020.05.31"]
[SourceVersion "1"]
[SourceVersionDate "2020.05.31"]
[SourceQuality "1"]

1. e4 c5 2. Nf3 e6 3. d4 cxd4 4. Nxd4 Nc6 5. Nc3 Qc7 6. Be3 a6 7. Qd2 Nf6 8. 0-0-0 Be7 9. f3 b5 10. g4 Nxd4 11. Qxd4 Bb7 12. g5 Nh5 13. Bh3 Rc8 14. Qd2 b4 15. Na4 d5 16. Bg4 g6 17. Bxh5 gxh5 18. Nb6 Rd8 19. exd5 Bxd5 20. Nxd5 Rxd5 21. Qe2 Ra5 22. Kb1 0-0 23. f4 Qc6 24. Bd4 Rc8 25. b3 Bf8 26. Rhf1 Rf5 27. Rd2 h4 28. Rfd1 Bg7 29. Bxg7 Kxg7 30. Qh5 Qc7 31. Qxh4 Rxf4 32. Qh6+ Kg8 33. h4 Rd4 34. Qf6 Rxd2 35. Rxd2 Qc3 36. Qf2 Rc5 37. Rd3 Qe5 38. Rf3 Rd5 39. Qf1 Rd7 40. Qg1 Qe4 41. Rh3 Rd2 42. Qc1 Re2 43. Rd3 Qe5 44. Rd1 Kg7 45. Rf1 a5 46. h5 Re3 47. h6+ Kg6 48. Rf6+ Kh5 49. Rf1 Kg6 50. Rf6+ Kh5 51. Rf1 Qe4 52. g6 Kxg6 53. Rg1+ Kf6 54. Qd2 Ke7 55. Rd1 Kf6 56. Qd8+ Kf5 57. Qxa5+ e5 58. Qc7 Kg6 59. Qd6+ f6 60. Rg1+ Kh5 61. Qxf6 Re1+ 62. Rxe1 Qxe1+ 63. Kb2 Qc3+ 64. Kb1 Qe1+ 65. Kb2 Qc3+ 66. Kb1 Qe1+ 67. Kb2 1/2-1/2

[Event "Chubut-ch"]
[Site "Puerto Madryn"]
[Date "2019.11.17"]
[Round "5.3"]
[White "Sabas, Jorge"]
[Black "Aguilar, Andres"]
[Result "1/2-1/2"]
[WhiteElo "2207"]
[BlackElo "2274"]
[PlyCount "93"]
[EventDate "2019.11.15"]
[EventType "swiss"]
[EventRounds "7"]
[EventCountry "ARG"]
[SourceTitle "EXT 2024"]
[Source "ChessBase"]
[SourceDate "2023.10.10"]
[SourceVersion "1"]
[SourceVersionDate "2023.10.10"]
[SourceQuality "1"]

1. d4 Nf6 2. c4 e6 3. Nc3 Bb4 4. Qc2 c5 5. dxc5 Bxc5 6. Nf3 Nc6 7. a3 d5 8. Bg5 d4 9. 0-0-0 e5 10. e3 Be6 11. exd4 exd4 12. Nd5 Rc8 13. Bxf6 gxf6 14. Nf4 Qd6 15. Nxe6 fxe6 16. Kb1 a5 17. Bd3 Rc7 18. Rhe1 Re7 19. Nd2 f5 20. g4 fxg4 21. Ne4 Qe5 22. Qd2 h5 23. Ng3 Qg7 24. Be4 h4 25. Bxc6+ bxc6 26. Ne4 Bb6 27. c5 Bc7 28. Nd6+ Kd7 29. Qxd4 Qxd4 30. Rxd4 Bxd6 31. Rxd6+ Kc7 32. Rexe6 Rxe6 33. Rxe6 Rf8 34. Re7+ Kb8 35. Re2 Rf3 36. Ka2 Rh3 37. Re4 Rxh2 38. Rxg4 h3 39. Rh4 Kb7 40. f4 Ka6 41. a4 Rf2 42. Rxh3 Rxf4 43. b3 Rf2+ 44. Kb1 Kb7 45. Rc3 Kc7 46. Rc2 Rf1+ 47. Kb2 1/2-1/2

[Event "Chubut-ch"]
[Site "Puerto Madryn"]
[Date "2019.11.16"]
[Round "2.1"]
[White "Crespo, Eugenio"]
[Black "Aguilar, Andres"]
[Result "1/2-1/2"]
[WhiteElo "2167"]
[BlackElo "2274"]
[PlyCount "36"]
[EventDate "2019.11.15"]
[EventType "swiss"]
[EventRounds "7"]
[EventCountry "ARG"]
[SourceTitle "EXT 2024"]
[Source "ChessBase"]
[SourceDate "2023.10.10"]
[SourceVersion "1"]
[SourceVersionDate "2023.10.10"]
[SourceQuality "1"]

1. Nf3 d5 2. g3 Bg4 3. Bg2 c6 4. b3 Nd7 5. Bb2 Ngf6 6. 0-0 e6 7. d3 Bc5 8. Nbd2 0-0 9. e4 dxe4 10. dxe4 e5 11. h3 Bxf3 12. Qxf3 Qe7 13. Nc4 b5 14. Ne3 g6 15. a4 a6 16. h4 Bd4 17. c3 Bc5 18. Bh3 Rfb8 1/2-1/2

[Event "ARG-ch 94th"]
[Site "Buenos Aires"]
[Date "2019.09.26"]
[Round "11"]
[White "Tristan, Leonardo"]
[Black "Aguilar, Andres"]
[Result "1-0"]
[WhiteElo "2509"]
[BlackElo "2319"]
[PlyCount "77"]
[EventDate "2019.09.16"]
[EventType "tourn"]
[EventRounds "11"]
[EventCountry "ARG"]
[EventCategory "9"]
[SourceTitle "EXT 2020"]
[Source "ChessBase"]
[SourceDate "2019.10.17"]
[SourceVersion "1"]
[SourceVersionDate "2019.10.17"]
[SourceQuality "1"]

1. d4 Nf6 2. c4 g6 3. Nc3 Bg7 4. e4 d6 5. Be2 0-0 6. Nf3 Na6 7. Be3 c6 8. Nd2 e5 9. d5 Ne8 10. h4 f5 11. f3 f4 12. Bf2 c5 13. h5 g5 14. h6 Bf6 15. a3 Be7 16. b4 b6 17. Qb3 Rf6 18. g3 Rg6 19. gxf4 gxf4 20. 0-0-0 Bg5 21. Rdg1 Qf6 22. Qa4 Kf8 23. Bf1 Rxh6 24. Rxh6 Qxh6 25. Qc6 Rb8 26. Nb5 Qg7 27. Nxd6 Nxd6 28. Qxd6+ Qe7 29. bxc5 Qxd6 30. cxd6 h6 31. Nb3 Bd7 32. Kb2 Ba4 33. Bh3 Ke8 34. Be6 Rd8 35. Bh4 Rxd6 36. Bxg5 hxg5 37. Rxg5 Bxb3 38. Kxb3 Nc5+ 39. Kc3 1-0

[Event "ARG-ch 94th"]
[Site "Buenos Aires"]
[Date "2019.09.19"]
[Round "4"]
[White "Aguilar, Andres"]
[Black "Bitelmajer, Martin"]
[Result "0-1"]
[WhiteElo "2319"]
[BlackElo "2469"]
[PlyCount "118"]
[EventDate "2019.09.16"]
[EventType "tourn"]
[EventRounds "11"]
[EventCountry "ARG"]
[EventCategory "9"]
[SourceTitle "EXT 2020"]
[Source "ChessBase"]
[SourceDate "2019.10.17"]
[SourceVersion "1"]
[SourceVersionDate "2019.10.17"]
[SourceQuality "1"]

1. Nf3 c5 2. e4 d6 3. d4 cxd4 4. Nxd4 Nf6 5. Nc3 a6 6. Be3 e5 7. Nb3 Be7 8. f3 h5 9. Qd2 Be6 10. 0-0-0 Nbd7 11. Kb1 b5 12. Nd5 Bxd5 13. exd5 Nb6 14. Bxb6 Qxb6 15. Na5 Rc8 16. Nc6 Nxd5 17. Nxe7 Nxe7 18. Qxd6 Qxd6 19. Rxd6 Nc6 20. Rd2 Ke7 21. Bd3 g6 22. Rhd1 Rc7 23. Be4 Nb8 24. c3 Rd7 25. Bc2 Rxd2 26. Rxd2 Nd7 27. a4 bxa4 28. Bxa4 Nb6 29. Bb3 Rc8 30. Rd3 Rc5 31. Bd1 a5 32. Be2 Nd5 33. Rd2 f5 34. Ba6 h4 35. Bd3 Kf6 36. Bc2 Ne3 37. Bb3 Kg5 38. Bf7 Rc7 39. Be8 Re7 40. Bc6 Rc7 41. Bd5 Rc8 42. Bf7 Rf8 43. Bb3 Kf4 44. Rf2 h3 45. g3+ Kg5 46. Ba4 f4 47. Bd7 fxg3 48. hxg3 Rxf3 49. Rh2 Nf5 50. Rxh3 e4 51. Bc6 Rf1+ 52. Kc2 e3 53. Kd3 Rd1+ 54. Ke2 Rd2+ 55. Ke1 Rxb2 56. Be4 a4 57. g4 a3 58. Bd5 Kxg4 59. Rh8 a2 0-1

[Event "ARG-ch 94th"]
[Site "Buenos Aires"]
[Date "2019.09.18"]
[Round "3"]
[White "Acosta, Pablo Ismael"]
[Black "Aguilar, Andres"]
[Result "1-0"]
[WhiteElo "2445"]
[BlackElo "2319"]
[PlyCount "205"]
[EventDate "2019.09.16"]
[EventType "tourn"]
[EventRounds "11"]
[EventCountry "ARG"]
[EventCategory "9"]
[SourceTitle "EXT 2020"]
[Source "ChessBase"]
[SourceDate "2019.10.17"]
[SourceVersion "1"]
[SourceVersionDate "2019.10.17"]
[SourceQuality "1"]

1. Nf3 Nf6 2. g3 g6 3. b4 Bg7 4. Bb2 0-0 5. Bg2 d6 6. 0-0 e5 7. c4 Nbd7 8. d3 Re8 9. Nfd2 h5 10. h4 Nf8 11. Nc3 Ne6 12. Nce4 Ng4 13. Nf3 f5 14. Neg5 e4 15. Nxe6 exf3 16. exf3 Rxe6 17. Bxg7 Nxf2 18. Kxf2 Kxg7 19. f4 c6 20. Qd2 Qf6 21. d4 Bd7 22. d5 Re7 23. Rae1 Rae8 24. Rxe7+ Rxe7 25. Rd1 cxd5 26. Qxd5 Be6 27. Qd4 Qxd4+ 28. Rxd4 Rc7 29. Bf1 Kf7 30. Ke3 Ke7 31. a3 b6 32. Kd3 Bf7 33. Bg2 Be6 34. Kc3 b5 35. Bf1 bxc4 36. Bg2 Kd7 37. Rd2 Rc8 38. Kd4 Re8 39. b5 Re7 40. Bc6+ Kd8 41. Kc3 Bf7 42. Rxd6+ Kc7 43. Rf6 Re3+ 44. Kd2 Rd3+ 45. Kc2 Bd5 46. Bxd5 Rxd5 47. Rc6+ Kb7 48. a4 Rd3 49. Rxg6 Ra3 50. Kb2 Rb3+ 51. Kc2 Ra3 52. Rh6 Rxg3 53. Rxh5 Kb6 54. Rxf5 Ka5 55. b6+ Kxb6 56. h5 Rh3 57. Rg5 Kc6 58. f5 Kd7 59. Rg7+ Kd6 60. h6 Ke5 61. h7 a5 62. Ra7 Kxf5 63. Rxa5+ Ke4 64. Ra7 Kd4 65. Rc7 Rh2+ 66. Kb1 Kc3 67. a5 Rh1+ 68. Ka2 Rh2+ 69. Ka3 Rh1 70. Ka4 Kd3 71. a6 c3 72. a7 c2 73. Rxc2 Kxc2 74. Kb4 Rh4+ 75. Kc5 Rh5+ 76. Kb4 Rh4+ 77. Ka3 Rh1 78. Ka2 Rxh7 79. a8Q Rh2 80. Qb8 Re2 81. Qb5 Kc1+ 82. Ka1 Rc2 83. Qg5+ Rd2 84. Qf5 Rc2 85. Qf4+ Rd2 86. Qe4 Re2 87. Qb1+ Kd2 88. Kb2 Re3 89. Qc2+ Ke1 90. Kc1 Re2 91. Qf5 Re3 92. Kc2 Re2+ 93. Kd3 Rd2+ 94. Kc3 Re2 95. Qf4 Rf2 96. Qe4+ Re2 97. Qh4+ Kf1 98. Kd3 Rg2 99. Ke3 Rg3+ 100. Kf4 Rd3 101. Ke4 Rd2 102. Ke3 Re2+ 103. Kf3 1-0

[Event "ARG-ch 94th"]
[Site "Buenos Aires"]
[Date "2019.09.17"]
[Round "2"]
[White "Aguilar, Andres"]
[Black "Pichot, Alan"]
[Result "0-1"]
[WhiteElo "2319"]
[BlackElo "2600"]
[PlyCount "98"]
[EventDate "2019.09.16"]
[EventType "tourn"]
[EventRounds "11"]
[EventCountry "ARG"]
[EventCategory "9"]
[SourceTitle "EXT 2020"]
[Source "ChessBase"]
[SourceDate "2019.10.17"]
[SourceVersion "1"]
[SourceVersionDate "2019.10.17"]
[SourceQuality "1"]

1. c4 g6 2. Nf3 Bg7 3. g3 c5 4. Bg2 Nc6 5. Nc3 d6 6. 0-0 Rb8 7. d3 a6 8. a4 Nh6 9. Bd2 Nf5 10. Rb1 0-0 11. Ne1 Nfd4 12. e3 Ne6 13. f4 Nc7 14. Nc2 Bf5 15. Qe2 Qd7 16. b4 Bg4 17. Qf2 b5 18. axb5 axb5 19. cxb5 Nxb5 20. Nxb5 Rxb5 21. bxc5 Rxb1 22. Rxb1 dxc5 23. Rb6 Rc8 24. Bxc6 Rxc6 25. Rxc6 Qxc6 26. Ne1 Qa4 27. Bc1 Qb4 28. Kg2 Bc3 29. Nc2 Qb5 30. Qf1 c4 31. h3 Bc8 32. dxc4 Qf5 33. Ne1 Bb7+ 34. Kh2 Qb1 35. Nd3 Qa2+ 36. Nf2 Bf3 37. g4 e5 38. Kg3 Be2 39. Qh1 Bxc4 40. Ne4 exf4+ 41. exf4 Ba5 42. Qd1 h5 43. Kh4 hxg4 44. Qd4 Be1+ 45. Kg5 Qa5+ 46. Nc5 Bb4 47. Kh6 Bc3 48. Qxc4 Qd8 49. Qxc3 Qh4# 0-1

[Event "Trelew op"]
[Site "Trelew"]
[Date "2019.08.19"]
[Round "6"]
[White "Pichot, Alan"]
[Black "Aguilar, Andres"]
[Result "1/2-1/2"]
[WhiteElo "2596"]
[BlackElo "2322"]
[PlyCount "101"]
[EventDate "2019.08.16"]
[EventType "swiss"]
[EventRounds "7"]
[EventCountry "ARG"]
[SourceTitle "EXT 2020"]
[Source "ChessBase"]
[SourceDate "2019.10.17"]
[SourceVersion "1"]
[SourceVersionDate "2019.10.17"]
[SourceQuality "1"]

1. e4 c5 2. Nf3 Nc6 3. d4 cxd4 4. Nxd4 Nf6 5. Nc3 d6 6. f3 e5 7. Nb3 Be7 8. Be3 0-0 9. Qd2 a5 10. Bb5 Na7 11. Bxa7 Rxa7 12. 0-0-0 Qb6 13. a4 Be6 14. g4 Rd8 15. Qe2 Raa8 16. Nd2 Qc5 17. Bc4 d5 18. exd5 Nxd5 19. Bxd5 Bxd5 20. Nde4 Bc4 21. Nxc5 Bxe2 22. Nxe2 Bxc5 23. Nc3 f6 24. Ne4 Be7 25. Rxd8+ Rxd8 26. Rd1 Rxd1+ 27. Kxd1 Kf7 28. Kd2 g6 29. Kd3 f5 30. gxf5 gxf5 31. Nd2 Bd6 32. Nc4 Bc7 33. c3 Kg6 34. b4 Kg5 35. Nxa5 Bxa5 36. bxa5 Kf4 37. Ke2 e4 38. fxe4 Kxe4 39. h4 h5 40. Kf2 Kf4 41. c4 Ke4 42. c5 Kd5 43. Ke3 Kxc5 44. Kf4 Kb4 45. Kxf5 Kxa5 46. Kg5 Kxa4 47. Kxh5 b5 48. Kg5 b4 49. h5 b3 50. h6 b2 51. h7 1/2-1/2

[Event "Villa Tehuelches op 5th"]
[Site "Villa Tehuelches"]
[Date "2019.07.12"]
[Round "4"]
[White "Aguilar, Andres"]
[Black "Torres, Federico"]
[Result "1/2-1/2"]
[WhiteElo "2338"]
[BlackElo "2187"]
[PlyCount "54"]
[EventDate "2019.07.11"]
[EventType "swiss"]
[EventRounds "7"]
[EventCountry "CHI"]
[SourceTitle "CBM 191 Extra"]
[Source "ChessBase"]
[SourceDate "2019.09.30"]
[SourceVersion "1"]
[SourceVersionDate "2019.09.30"]
[SourceQuality "1"]

1. Nf3 Nf6 2. c4 c5 3. d4 cxd4 4. Nxd4 b6 5. Nc3 Bb7 6. Bf4 g6 7. Ndb5 Na6 8. e4 Bg7 9. Bd3 0-0 10. 0-0 Nc5 11. Re1 a6 12. Nd4 Ng4 13. Nf3 e5 14. Bg5 f6 15. Bc1 f5 16. h3 Nf6 17. Bg5 h6 18. Bxf6 Qxf6 19. exf5 gxf5 20. Nxe5 Qd6 21. Bxf5 Qxd1 22. Raxd1 Rxf5 23. Nxd7 Rg5 24. g3 Bf3 25. Rd6 Nxd7 26. Rxd7 Rc8 27. Re3 Ba8 1/2-1/2

[Event "Rio Grande op 19th"]
[Site "Rio Grande"]
[Date "2019.07.08"]
[Round "5"]
[White "Barra Carrasco, Hector"]
[Black "Aguilar, Andres"]
[Result "0-1"]
[WhiteElo "2089"]
[BlackElo "2338"]
[PlyCount "60"]
[EventDate "2019.07.05"]
[EventType "swiss"]
[EventRounds "7"]
[EventCountry "ARG"]
[SourceTitle "EXT 2020"]
[Source "ChessBase"]
[SourceDate "2019.10.17"]
[SourceVersion "1"]
[SourceVersionDate "2019.10.17"]
[SourceQuality "1"]

1. e4 c5 2. Nc3 Nc6 3. g3 g6 4. Bg2 Bg7 5. d3 d6 6. f4 e6 7. Nh3 Nge7 8. 0-0 0-0 9. Be3 Nd4 10. Qd2 Rb8 11. Nd1 b6 12. c3 Ndc6 13. d4 cxd4 14. cxd4 d5 15. e5 Ba6 16. Rf2 Na5 17. b3 Rc8 18. Rc1 Qd7 19. g4 f5 20. g5 Rc6 21. Qb2 Rfc8 22. Rfc2 Bf8 23. Rxc6 Rxc6 24. Nhf2 Rxc1 25. Qxc1 Nec6 26. Bf1 Bxf1 27. Kxf1 Nb4 28. Nc3 Qc8 29. Ke2 Qa6+ 30. Kd2 Nxa2 0-1